000 00493nam a2200181Ia 4500
003 IN-BaIIA
008 211028s9999 xx 000 0 eng d
020 _a978-1-84792-172-7
040 _cIIA Library
080 _a5
_bBAL
100 _aBall, Philip
_935014
245 0 _aCuriosity
_bhow science became interested in everything
_cPhilip Ball
260 _aLondon
_bBodley Head
_c2012
300 _aviii, 465p.
650 _aPopular Science
_935015
650 _aScience
_91299
942 _cBK
999 _c18293
_d18293